Language Quiz

Random Language Quiz

장 place words Quiz Stats

 Plays Quiz not verified by Sporcle

Challenge
Share
Tweet
Embed
Score 0/9 Timer 10:00
0 Plays Today
Hint Answer % Correct
Place, venue 장소
100%
Market 시장
33.3%
Swimming pool 수영장
33.3%
School playground 운동장
0%
Car park 주차장
0%
Scene 장면
0%
Farm 목장
0%
Wedding hall 예식장
0%
0%

You're not logged in!

Compare scores with friends on all Sporcle quizzes.
Join for Free
OR
Log In

You Might Also Like...

Show Comments

Extras

Created Jul 16, 2017ReportFavoriteNominate
Tags:place

Top Quizzes Today


Score Distribution

Your Account Isn't Verified!

In order to create a playlist on Sporcle, you need to verify the email address you used during registration. Go to your Sporcle Settings to finish the process.

Report this User

Report this user for behavior that violates our Community Guidelines.

Details: